LIBRARY & INFORMATION CENTRE, KCAET, TAVANUR

ONLINE PUBLIC ACCESS CATALOGUE (OPAC)

Normal view MARC view
  • MEGHA, P

Entry Personal Name

Number of records used in: 1

001 - CONTROL NUMBER

  • control field: 5339

003 - CONTROL NUMBER IDENTIFIER

  • control field: OSt

005 - DATE AND TIME OF LATEST TRANSACTION

  • control field: 20221201161330.0

008 - FIXED-LENGTH DATA ELEMENTS

  • fixed length control field: 221201|| aca||aabn | a|a d

040 ## - CATALOGING SOURCE

  • Original cataloging agency: OSt
  • Transcribing agency: OSt

100 ## - HEADING--PERSONAL NAME

  • Personal name: MEGHA, P
  • Personal name: PRAVITHA, P.
  • Personal name: NAIR RITHUVARNYA, N. K
  • Personal name: SURAJ, K. S

670 ## - SOURCE DATA FOUND

  • Source citation: Work cat.: (OSt)17598: MEGHA, P PRAVITHA, P. NAIR RITHUVARNYA, N. K SURAJ, K. S, DESIGN AND DEVELOPMENT OF A SELF- PROPELLED THREE ROW VERTICAL AXIS ROTARY PADDY WEEDER, 2022
free website counter